MARC details
| 000 -LEADER |
| fixed length control field |
02061cam a2200505 i 4500 |
| 001 - CONTROL NUMBER |
| control field |
20796441 |
| 003 - CONTROL NUMBER IDENTIFIER |
| control field |
GBCCL |
| 005 - DATE AND TIME OF LATEST TRANSACTION |
| control field |
20241126110655.0 |
| 008 - FIXED-LENGTH DATA ELEMENTS--GENERAL INFORMATION |
| fixed length control field |
180510s2019 ii a b 000 0 eng d |
| 010 ## - |
| -- |
2018320453 |
| 020 ## - INTERNATIONAL STANDARD BOOK NUMBER |
| International Standard Book Number |
9789351482901 |
| Qualifying information |
(HB) |
| 020 ## - INTERNATIONAL STANDARD BOOK NUMBER |
| International Standard Book Number |
9351482901 |
| 020 ## - INTERNATIONAL STANDARD BOOK NUMBER |
| International Standard Book Number |
9789351482918 |
| Qualifying information |
(PB) |
| 020 ## - INTERNATIONAL STANDARD BOOK NUMBER |
| International Standard Book Number |
935148291X |
| 025 ## - OVERSEAS ACQUISITION NUMBER |
| Overseas acquisition number |
I-E-2018320453 ; 13-91 |
| 035 ## - SYSTEM CONTROL NUMBER |
| System control number |
(OCoLC)on1059556218 |
| 035 ## - SYSTEM CONTROL NUMBER |
| System control number |
(OCoLC)1059556218 |
| 037 ## - SOURCE OF ACQUISITION |
| Source of stock number/acquisition |
Library of Congress -- New Delhi Overseas Office |
| 040 ## - CATALOGING SOURCE |
| Original cataloging agency |
DKAGE |
| Language of cataloging |
eng |
| Description conventions |
rda |
| Transcribing agency |
DKAGE |
| Modifying agency |
OCLCO |
| -- |
OCLCF |
| -- |
DLC |
| 042 ## - |
| -- |
lccopycat |
| -- |
lcode |
| 050 00 - |
| -- |
BS1192.6 |
| -- |
.C48 2019 |
| 082 04 - DEWEY DECIMAL CLASSIFICATION NUMBER |
| Classification number |
223.206 |
| Edition information |
23 |
| Item number |
CHU |
| 100 1# - MAIN ENTRY--PERSONAL NAME |
| Personal name |
Chuzho, Husazulu, |
| Dates associated with a name |
1979- |
| Relator term |
author. |
| 9 (RLIN) |
15299 |
| 245 10 - TITLE STATEMENT |
| Title |
Kingship in the enthronement psalms : |
| Remainder of title |
a historical literary analysis of the kingship metaphor and its implications for Israel's worship / |
| Statement of responsibility, etc. |
Husazulu Chuzho. |
| 250 ## - EDITION STATEMENT |
| Edition statement |
Ist ed. |
| 264 #1 - PRODUCTION, PUBLICATION, DISTRIBUTION, MANUFACTURE, AND COPYRIGHT NOTICE |
| Place of production, publication, distribution, manufacture |
New Delhi : |
| Name of producer, publisher, distributor, manufacturer |
Christian World Imprints, |
| Date of production, publication, distribution, manufacture, or copyright notice |
2019. |
| 300 ## - PHYSICAL DESCRIPTION |
| Extent |
xxii, 278 pages : |
| Other physical details |
illustrations (black and white) ; |
| Dimensions |
24 cm. |
| 336 ## - CONTENT TYPE |
| Content type term |
text |
| Content type code |
txt |
| Source |
rdacontent |
| 337 ## - MEDIA TYPE |
| Media type term |
unmediated |
| Media type code |
n |
| Source |
rdamedia |
| 338 ## - CARRIER TYPE |
| Carrier type term |
volume |
| Carrier type code |
nc |
| Source |
rdacarrier |
| 490 1# - SERIES STATEMENT |
| Series statement |
Biblical hermeneutics rediscovered ; |
| Volume/sequential designation |
17 |
| 504 ## - BIBLIOGRAPHY, ETC. NOTE |
| Bibliography, etc. note |
Includes bibliographical references (pages 259-278). |
| 630 00 - SUBJECT ADDED ENTRY--UNIFORM TITLE |
| Uniform title |
Bible. |
| Name of part/section of a work |
Psalms |
| General subdivision |
Criticism, interpretation, etc. |
| 9 (RLIN) |
2721 |
| 630 00 - SUBJECT ADDED ENTRY--UNIFORM TITLE |
| Uniform title |
Bible. |
| Name of part/section of a work |
Psalms |
| General subdivision |
Liturgical use. |
| 9 (RLIN) |
15300 |
| 630 07 - SUBJECT ADDED ENTRY--UNIFORM TITLE |
| Uniform title |
Bible. |
| Name of part/section of a work |
Psalms. |
| Source of heading or term |
fast |
| Authority record control number or standard number |
(OCoLC)fst01808097 |
| 9 (RLIN) |
15301 |
| 650 #0 - SUBJECT ADDED ENTRY--TOPICAL TERM |
| Topical term or geographic name entry element |
God |
| General subdivision |
Kingship |
| -- |
Biblical teaching. |
| 9 (RLIN) |
15302 |
| 650 #0 - SUBJECT ADDED ENTRY--TOPICAL TERM |
| Topical term or geographic name entry element |
Judaism |
| General subdivision |
Liturgy. |
| 9 (RLIN) |
15303 |
| 650 #7 - SUBJECT ADDED ENTRY--TOPICAL TERM |
| Topical term or geographic name entry element |
God |
| General subdivision |
Kingship |
| -- |
Biblical teaching. |
| Source of heading or term |
fast |
| Authority record control number or standard number |
(OCoLC)fst00944069 |
| 9 (RLIN) |
15302 |
| 650 #7 - SUBJECT ADDED ENTRY--TOPICAL TERM |
| Topical term or geographic name entry element |
Judaism |
| General subdivision |
Liturgy. |
| Source of heading or term |
fast |
| Authority record control number or standard number |
(OCoLC)fst00984346 |
| 9 (RLIN) |
15303 |
| 655 #7 - INDEX TERM--GENRE/FORM |
| Genre/form data or focus term |
Criticism, interpretation, etc. |
| Source of term |
fast |
| Authority record control number or standard number |
(OCoLC)fst01411635 |
| 9 (RLIN) |
1372 |
| 830 #0 - |
| -- |
Biblical hermeneutics rediscovered ; |
| -- |
17. |
| -- |
15304 |
| 906 ## - LOCAL DATA ELEMENT F, LDF (RLIN) |
| a |
7 |
| b |
cbc |
| c |
copycat |
| d |
3 |
| e |
ncip |
| f |
20 |
| g |
y-gencatlg |
| 942 ## - ADDED ENTRY ELEMENTS (KOHA) |
| Source of classification or shelving scheme |
Dewey Decimal Classification |
| Koha item type |
Books |
| Koha issues (borrowed), all copies |
8 |